[Event "Elit(Orgryte-Eksjo)"]
[Site "?"]
[Date "2015.01.31"]
[Round "5"]
[White "Gromark, Per-Olof"]
[Black "Akvist, Hakan"]
[Result "1-0"]
[WhiteElo "2056"]
[BlackElo "2108"]
[PlyCount "109"]

1. Nf3 Nf6 2. c4 c5 3. g3 g6 4. Bg2 Bg7 5. O-O O-O 6. d4 cxd4 7. Nxd4 Nc6 8.
Nc3 Nxd4 9. Qxd4 d6 10. Qd3 Qa5 11. Bd2 Qh5 12. Nd5 Nxd5 13. Bxd5 Bh3 14. Rfe1
Rab8 15. Bc3 Bxc3 16. Qxc3 b6 17. Qe3 e6 18. Bh1 Rbc8 19. b3 Rc5 20. Rad1 Rd8
21. Rd4 g5 22. Qd2 Re5 23. Bf3 Qg6 24. Rxd6 Rxd6 25. Qxd6 Qf6 26. Qd2 Bf5 27.
Rd1 g4 28. Bg2 Kg7 29. e3 a5 30. Qd8 Qxd8 31. Rxd8 b5 32. Rc8 bxc4 33. bxc4 Be4
34. Bxe4 Rxe4 35. Kf1 Kf6 36. Ke2 Re5 37. Rb8 Rh5 38. Rb5 Rxh2 39. Rxa5 h5 40.
a4 h4 41. gxh4 g3 42. Kf1 Rxf2+ 43. Kg1 Rc2 44. h5 e5 45. h6 Kf5 46. h7 Rh2 47.
c5 Rxh7 48. c6 f6 49. Rc5 Rc7 50. Rc4 Ke6 51. e4 Kd6 52. Kg2 Rxc6 53. Rxc6+
Kxc6 54. Kxg3 Kb6 55. Kg4 1-0

[Event "Elit(Rockaden,Sthlm-Kungstornet)"]
[Site "?"]
[Date "2015.01.31"]
[Round "5"]
[White "Lyrberg, Patrik"]
[Black "Hammer, Jon Ludvig"]
[Result "0-1"]
[WhiteElo "2459"]
[BlackElo "2640"]
[PlyCount "80"]
[SourceDate "2015.02.05"]

1. e4 e5 2. Nf3 Nc6 3. Bb5 Nf6 4. d3 Bc5 5. Be3 Bxe3 6. fxe3 Ne7 7. Ba4 Ng6 8.
Nc3 O-O 9. Nd5 Nxd5 10. exd5 c6 11. Qd2 b5 12. Bb3 c5 13. a4 b4 14. d6 Bb7 15.
h4 Bxf3 16. gxf3 Nxh4 17. Bd5 Ng6 18. O-O-O Rb8 19. d4 cxd4 20. exd4 Qf6 21.
dxe5 Qxe5 22. Rhe1 Qf6 23. Qe3 Nf4 24. Be4 Rb6 25. a5 Rxd6 26. Qc5 Rxd1+ 27.
Rxd1 Rd8 28. Rd6 Ne6 29. Qxb4 h5 30. Rd2 Qf4 31. Qb7 d5 32. Bxd5 h4 33. c4 h3
34. Kc2 Qxd2+ 35. Kxd2 h2 36. Qxa7 h1=Q 37. a6 Qh2+ 38. Kc1 Rb8 39. Bb7 Qc7 40.
Qe3 Qxc4+ 0-1

[Event "Elit(Rockaden,Sthlm-Kungstornet)"]
[Site "?"]
[Date "2015.01.31"]
[Round "5"]
[White "Karlsson, Lars"]
[Black "Aronsson, Marten"]
[Result "1-0"]
[WhiteElo "2434"]
[BlackElo "2310"]
[PlyCount "85"]

1. Nf3 c5 2. e4 d6 3. d4 cxd4 4. Nxd4 Nf6 5. Nc3 a6 6. g3 Nc6 7. Bg2 Bg4 8.
Nxc6 bxc6 9. Qd3 Qc7 10. f4 Bd7 11. a4 g5 12. e5 Ng4 13. h3 Nh6 14. fxg5 Nf5
15. O-O e6 16. Ne4 d5 17. Nf6+ Kd8 18. Bf4 h6 19. c4 hxg5 20. Bxg5 Be7 21. cxd5
cxd5 22. Rxf5 exf5 23. Nxd5 Qa7+ 24. Be3 Bc5 25. Kh2 Bxe3 26. Nxe3 Rb8 27. Rd1
Ke8 28. Nxf5 Rxb2 29. e6 fxe6 30. Nd6+ Ke7 31. Qc3 Rxg2+ 32. Kxg2 Rh7 33. Nc8+
Bxc8 34. Qxc8 Kf6 35. Rf1+ Ke5 36. Re1+ Kd4 37. Rd1+ Ke5 38. Qc3+ Kf5 39. Rf1+
Ke4 40. Re1+ Kd5 41. Rd1+ Ke4 42. Qf3+ Ke5 43. Qf4# 1-0

[Event "Elit(Rockaden,Sthlm-Kungstornet)"]
[Site "?"]
[Date "2015.01.31"]
[Round "5"]
[White "von Bahr, Oskar"]
[Black "Hedman, Erik"]
[Result "1/2-1/2"]
[WhiteElo "2364"]
[BlackElo "2369"]
[PlyCount "60"]

1. c4 c5 2. Nf3 Nc6 3. Nc3 g6 4. e3 Nf6 5. d4 cxd4 6. exd4 d5 7. cxd5 Nxd5 8.
Qb3 e6 9. Bb5 Bg7 10. O-O O-O 11. Bxc6 bxc6 12. Be3 a5 13. Rfc1 Nxe3 14. fxe3
e5 15. Nxe5 Bxe5 16. dxe5 Qg5 17. Ne2 Qxe5 18. Qc3 Qe7 19. Qc5 Qe4 20. Ng3 Qe6
21. Rc4 Rb8 22. b3 Rb5 23. Qd4 Re8 24. Rac1 Bb7 25. Ne4 Re5 26. Nc5 Qe7 27. e4
Bc8 28. h3 Qh4 29. Qf2 Qg5 30. Kh2 Rd8 1/2-1/2

[Event "Elit(Rockaden,Sthlm-Kungstornet)"]
[Site "?"]
[Date "2015.01.31"]
[Round "5"]
[White "Bator, Robert"]
[Black "Larsson, Anders"]
[Result "1/2-1/2"]
[WhiteElo "2432"]
[BlackElo "2304"]
[PlyCount "35"]

1. d4 d6 2. g3 e5 3. dxe5 dxe5 4. Qxd8+ Kxd8 5. Nc3 c6 6. f4 Nd7 7. Nf3 f6 8.
Bh3 exf4 9. gxf4 Nb6 10. Bxc8 Kxc8 11. Ne4 Nh6 12. Nd4 f5 13. Ng5 Be7 14. a4
Bf6 15. Nde6 a5 16. O-O Re8 17. e3 Nd5 18. c3 1/2-1/2

[Event "Elit(Rockaden,Sthlm-Kungstornet)"]
[Site "?"]
[Date "2015.01.31"]
[Round "5"]
[White "Wikner, Arvid"]
[Black "Lokander, Martin"]
[Result "0-1"]
[WhiteElo "2281"]
[BlackElo "2357"]
[PlyCount "82"]

1. e4 e5 2. Nf3 Nc6 3. Bb5 a6 4. Ba4 Nf6 5. O-O Be7 6. Re1 b5 7. Bb3 O-O 8. c3
d6 9. h3 Na5 10. Bc2 c5 11. d4 Nd7 12. Nbd2 exd4 13. cxd4 Nc6 14. Nf1 Bf6 15.
e5 dxe5 16. Be4 Ndb8 17. dxe5 Qxd1 18. Rxd1 Be7 19. Ne3 Be6 20. Nd5 Bxd5 21.
Bxd5 Ra7 22. Be3 Rc7 23. a3 Nd8 24. Ng5 Nbc6 25. e6 fxe6 26. Nxe6 Nxe6 27.
Bxe6+ Kh8 28. Rac1 c4 29. a4 Nb4 30. axb5 axb5 31. b3 c3 32. Rd7 Rxd7 33. Bxd7
Rd8 34. Bxb5 c2 35. Kf1 Bf6 36. Ke2 Bb2 37. Re1 Na2 38. Bc4 Re8 39. Kd3 c1=Q
40. Rxc1 Bxc1 41. Bc5 Rd8+ 0-1

[Event "Elit(Rockaden,Sthlm-Kungstornet)"]
[Site "?"]
[Date "2015.01.31"]
[Round "5"]
[White "Kenneskog, Theodor"]
[Black "Holmquist, Gunnar"]
[Result "0-1"]
[WhiteElo "2320"]
[BlackElo "2129"]
[PlyCount "88"]

1. d4 Nf6 2. c4 e6 3. Nc3 d5 4. cxd5 exd5 5. Bg5 Be7 6. e3 O-O 7. Bd3 Re8 8.
Qc2 h6 9. Bh4 c5 10. dxc5 d4 11. Bxf6 Bxf6 12. Ne4 Nc6 13. Nf3 dxe3 14. Nxf6+
Qxf6 15. O-O Bg4 16. fxe3 Rxe3 17. Rae1 Nd4 18. Nxd4 Qxd4 19. Rxe3 Qxe3+ 20.
Kh1 Be6 21. Be4 Rc8 22. b4 Rc7 23. Bf3 a5 24. Rd1 Rd7 25. bxa5 Rxd1+ 26. Qxd1
Qxc5 27. Qd2 Qb5 28. h3 Bd7 29. Qd6 Bxh3 30. Qd8+ Kh7 31. Qb6 Qxb6 32. axb6 Bc8
33. a4 Kg6 34. a5 f5 35. g4 fxg4 36. Bd5 Kf5 37. Kh2 h5 38. Bf7 h4 39. Bd5 Ke5
40. Bg2 Kd6 41. Be4 Kc5 42. Bd3 Kb4 43. Bf5 g3+ 44. Kg1 Bxf5 0-1

[Event "Elit(Rockaden,Sthlm-Kungstornet)"]
[Site "?"]
[Date "2015.01.31"]
[Round "5"]
[White "Backlund, Anders"]
[Black "Engqvist, Thomas"]
[Result "0-1"]
[WhiteElo "2269"]
[BlackElo "2355"]
[PlyCount "70"]

1. c4 e5 2. Nc3 Bb4 3. g3 Nf6 4. Bg2 O-O 5. Nf3 Re8 6. O-O e4 7. Ne1 d6 8. Nd5
Nxd5 9. cxd5 Bc5 10. d3 Bf5 11. dxe4 Bxe4 12. Nd3 Bb6 13. Bxe4 Rxe4 14. e3 Nd7
15. Nf4 Qf6 16. Rb1 Rae8 17. b3 Qf5 18. Bb2 Ne5 19. Bxe5 R8xe5 20. h4 h6 21. h5
g5 22. hxg6 fxg6 23. Kg2 Kh7 24. Rh1 Re7 25. Qf3 Rf7 26. g4 Qe5 27. Rxh6+ Kxh6
28. Rh1+ Kg7 29. Qh3 Kg8 30. Qh6 Qg7 31. Qh3 Rexf4 32. exf4 Rxf4 33. Rf1 Qb2
34. Qg3 Qd2 35. Kg1 Qd4 0-1

[Event "Elit(Rockaden,Sthlm-Kungstornet)"]
[Site "?"]
[Date "2015.01.31"]
[Round "5"]
[White "Olund, Joar"]
[Black "Henriksson, Johan"]
[Result "1/2-1/2"]
[WhiteElo "2290"]
[BlackElo "2267"]
[PlyCount "110"]

1. d4 c6 2. c4 d5 3. Nf3 Nf6 4. Nc3 a6 5. g3 b5 6. cxd5 cxd5 7. Bg2 e6 8. O-O
Be7 9. Bf4 O-O 10. Rc1 Bb7 11. Nd2 Nc6 12. Nb3 Rc8 13. e4 dxe4 14. Nxe4 Nxe4
15. Bxe4 Na5 16. Bxb7 Nxb7 17. Rxc8 Qxc8 18. Qf3 Qd7 19. Rc1 Rc8 20. Rxc8+ Qxc8
21. d5 exd5 22. Qxd5 Bf6 23. Be5 Bxe5 24. Qxe5 h6 25. Qd5 Nd8 26. Nd4 Ne6 27.
Qc6 Qxc6 28. Nxc6 Kf8 29. Kf1 Ke8 30. Ke2 Nc7 31. Kd3 Kd7 32. Ne5+ Ke6 33. Kd4
f6 34. Nd3 Kd6 35. Nc5 f5 36. h4 g5 37. hxg5 hxg5 38. f3 Kc6 39. g4 fxg4 40.
fxg4 Nd5 41. Ne4 b4 42. b3 a5 43. Ke5 Ne3 44. Nf2 Kc5 45. Ne4+ Kc6 46. Nf2 Kc5
47. Kf6 Kd4 48. Kxg5 Kc3 49. Kf4 Nxg4 50. Kxg4 Kb2 51. Nd3+ Kxa2 52. Nc5 Ka3
53. Kf4 a4 54. bxa4 b3 55. Nxb3 Kxa4 1/2-1/2

[Event "Elit(LASK-Limhamn)"]
[Site "?"]
[Date "2015.01.31"]
[Round "5"]
[White "Jepson, Christian"]
[Black "Tikkanen, Hans"]
[Result "1/2-1/2"]
[WhiteElo "2420"]
[BlackElo "2543"]
[PlyCount "50"]
[SourceDate "2015.02.06"]

1. d4 Nf6 2. c4 e6 3. Nc3 Bb4 4. e3 O-O 5. Bd3 d5 6. Nf3 dxc4 7. Bxc4 c5 8. O-O
b6 9. a3 cxd4 10. axb4 dxc3 11. Qxd8 Rxd8 12. bxc3 Bb7 13. Bb2 Nbd7 14. Be2 Nd5
15. b5 Nc5 16. c4 Nf6 17. Ra3 Nfe4 18. Rfa1 a5 19. bxa6 Rxa6 20. Rxa6 Bxa6 21.
Be5 Rc8 22. Bd4 f6 23. Bxc5 Nxc5 24. Nd4 Kf7 25. h4 f5 1/2-1/2

[Event "Elit(LASK-Limhamn)"]
[Site "?"]
[Date "2015.01.31"]
[Round "5"]
[White "Hillarp Persson, Tiger"]
[Black "Johansson, Linus"]
[Result "1-0"]
[WhiteElo "2539"]
[BlackElo "2397"]
[PlyCount "37"]

1. g3 e5 2. Bg2 Nf6 3. c4 d5 4. cxd5 Nxd5 5. Nc3 Nb6 6. e3 g6 7. Nge2 Bg7 8. d4
exd4 9. Nxd4 O-O 10. O-O Qe7 11. b4 Rd8 12. a4 c6 13. a5 Nc4 14. Qb3 Ne5 15.
Ba3 Qg5 16. f4 Qh6 17. fxe5 Qxe3+ 18. Kh1 Kh8 19. Rae1 1-0

[Event "Elit(LASK-Limhamn)"]
[Site "?"]
[Date "2015.01.31"]
[Round "5"]
[White "Ahlander, Bjorn"]
[Black "Skytte Hagen, Andreas"]
[Result "1-0"]
[WhiteElo "2406"]
[BlackElo "2433"]
[PlyCount "93"]

1. e4 e5 2. Nf3 Nc6 3. Bb5 Nf6 4. d3 Bc5 5. c3 O-O 6. O-O Re8 7. Bg5 h6 8. Bh4
Bf8 9. Nbd2 d6 10. h3 Bd7 11. Nh2 Be7 12. Ba4 Nh7 13. Bxe7 Nxe7 14. f4 exf4 15.
Rxf4 d5 16. Bc2 Ng6 17. Rf2 Ng5 18. Nhf3 Bxh3 19. gxh3 Nxh3+ 20. Kf1 Nxf2 21.
Kxf2 Qf6 22. d4 dxe4 23. Nxe4 Qf4 24. Qd3 Re7 25. Re1 Rae8 26. Re2 Kf8 27. Ng3
Nh4 28. Rxe7 Rxe7 29. Ne2 Qg4 30. Ng3 Re6 31. Nxh4 Qxh4 32. Kg2 Qg5 33. Qf3 Re3
34. Qf2 h5 35. Bb3 f6 36. Kh2 h4 37. Nf1 Rg3 38. Nxg3 hxg3+ 39. Qxg3 Qd2+ 40.
Qg2 Qf4+ 41. Kh3 f5 42. Qe2 g5 43. Kg2 g4 44. Bd1 Kf7 45. Bb3+ Kf8 46. Bc2 g3
47. Qe1 1-0

[Event "Elit(LASK-Limhamn)"]
[Site "?"]
[Date "2015.01.31"]
[Round "5"]
[White "Semcesen, Daniel"]
[Black "Lindgren, Philip"]
[Result "1-0"]
[WhiteElo "2474"]
[BlackElo "2341"]
[PlyCount "41"]

1. d4 d5 2. c4 c6 3. Nf3 Nf6 4. Qc2 dxc4 5. Qxc4 Bg4 6. Nbd2 Nbd7 7. g3 e6 8.
Bg2 Be7 9. O-O O-O 10. Qb3 Qb6 11. Nc4 Qa6 12. Re1 Nb6 13. Nfe5 Bh5 14. Bd2
Rfd8 15. e3 Nfd7 16. Bf1 Nxc4 17. Nxc4 b5 18. Na5 Rac8 19. a4 Rb8 20. axb5 cxb5
21. Bg2 1-0

[Event "Elit(LASK-Limhamn)"]
[Site "?"]
[Date "2015.01.31"]
[Round "5"]
[White "Schneider, Stefan"]
[Black "Hall, Jesper"]
[Result "1/2-1/2"]
[WhiteElo "2387"]
[BlackElo "2496"]
[PlyCount "112"]

1. d4 e6 2. c4 c5 3. d5 exd5 4. cxd5 d6 5. Nc3 g6 6. Nf3 Bg7 7. Bf4 Nf6 8. Qa4+
Bd7 9. Qb3 b5 10. Bxd6 Qb6 11. Be5 O-O 12. e3 c4 13. Qd1 b4 14. Nb1 Bb5 15.
Nbd2 Rc8 16. Rc1 Nbd7 17. Bxc4 Nxe5 18. Nxe5 Re8 19. Ndf3 Rad8 20. Qe2 Bxc4 21.
Nxc4 Qa6 22. O-O Nxd5 23. Qc2 Rc8 24. Qb3 Rc5 25. Ncd2 Rec8 26. Rxc5 Rxc5 27.
Ne4 Ra5 28. Rd1 Qc6 29. Neg5 h6 30. Nxf7 Kxf7 31. e4 Qa4 32. exd5 Qxb3 33. axb3
Bxb2 34. d6 Ke8 35. Nd2 Bc3 36. Nc4 Ra2 37. h4 Kd7 38. g3 Bf6 39. Kg2 Rc2 40.
Rd5 Kc6 41. Ne3 Rc3 42. Ra5 Rxb3 43. Rxa7 Ra3 44. Rf7 Bd8 45. Nc2 Ra4 46. Rf8
Bb6 47. Rf4 Bc5 48. Nxb4+ Rxb4 49. Rf6 g5 50. hxg5 hxg5 51. Rf5 g4 52. d7 Bb6
53. Rf4 Rb2 54. d8=Q Bxd8 55. Rxg4 Bb6 56. Rf4 Kd5 1/2-1/2

[Event "Elit(LASK-Limhamn)"]
[Site "?"]
[Date "2015.01.31"]
[Round "5"]
[White "Dragicevic, Drazen"]
[Black "Penalver, Osmani"]
[Result "0-1"]
[WhiteElo "2292"]
[BlackElo "2272"]
[PlyCount "102"]

1. Nf3 Nf6 2. c4 e6 3. g3 b6 4. Bg2 Bb7 5. O-O Be7 6. b3 O-O 7. Bb2 Ne4 8. Qc2
f5 9. d3 Ng5 10. Nxg5 Bxg2 11. Nxe6 dxe6 12. Kxg2 Qe8 13. Nd2 Nd7 14. Nf3 Qh5
15. Ne5 Nxe5 16. Bxe5 Bf6 17. Qb2 f4 18. gxf4 Bxe5 19. Qxe5 Rf5 20. Qxe6+ Kh8
21. Qe4 Re8 22. Qf3 Qh6 23. e3 g5 24. Rg1 gxf4 25. e4 Rg5+ 26. Kh1 Rh5 27. Rg2
Rh3 28. Qe2 Qf6 29. Qf1 f3 30. Rg4 Rg8 31. Rxg8+ Kxg8 32. Re1 Rh6 33. Re3 Qf4
34. h3 Rg6 35. e5 Rg2 36. Qxg2+ fxg2+ 37. Kxg2 Qh4 38. e6 Kf8 39. e7+ Ke8 40.
Kf1 Qf6 41. d4 Qxd4 42. a4 h5 43. Kg2 h4 44. Kf1 Qd1+ 45. Kg2 a6 46. f4 Qc2+
47. Kf3 Qf5 48. Kf2 Qxf4+ 49. Ke2 Qh2+ 50. Ke1 Qc2 51. Kf1 Qd2 0-1

[Event "Elit(LASK-Limhamn)"]
[Site "?"]
[Date "2015.01.31"]
[Round "5"]
[White "Golubenko, Valeri"]
[Black "Nilsson, Sebastian"]
[Result "1/2-1/2"]
[WhiteElo "2225"]
[BlackElo "2321"]
[PlyCount "72"]

1. c4 g6 2. Nc3 Bg7 3. g3 Nf6 4. Bg2 O-O 5. e3 d6 6. Nge2 e5 7. O-O Nc6 8. d4
exd4 9. Nxd4 Nxd4 10. Qxd4 Re8 11. Qd3 Rb8 12. e4 Be6 13. Bg5 h6 14. Bd2 Qd7
15. Rad1 a6 16. a4 Bh3 17. f3 Kh7 18. Be3 Bxg2 19. Kxg2 Qc6 20. b4 Rbd8 21. b5
Qd7 22. Bd4 h5 23. h4 Ra8 24. Ra1 c6 25. bxa6 Rxa6 26. Rab1 Qc7 27. Rfc1 Rd8
28. Rc2 Nd7 29. Bxg7 Kxg7 30. Rcb2 Nc5 31. Qd4+ Kg8 32. Qf6 Re8 33. Qd4 Rd8 34.
Qf6 Re8 35. Qd4 Qe7 36. Rb4 Qe5 1/2-1/2

[Event "Elit(LASK-Limhamn)"]
[Site "?"]
[Date "2015.01.31"]
[Round "5"]
[White "Olsson, Linus"]
[Black "Mansson, Lars"]
[Result "1/2-1/2"]
[WhiteElo "2272"]
[BlackElo "2224"]
[PlyCount "45"]

1. d4 d5 2. e3 Nf6 3. f4 g6 4. Nf3 Bg7 5. Bd3 O-O 6. O-O b6 7. Qe2 Bb7 8. c3 c5
9. b3 Ne4 10. Bb2 Nd7 11. Bxe4 dxe4 12. Ne5 Rc8 13. Rd1 Nxe5 14. dxe5 Qc7 15.
c4 f6 16. exf6 exf6 17. Nc3 Rcd8 18. Rxd8 Rxd8 19. Rd1 Bc6 20. Rd2 f5 21. Qd1
Rxd2 22. Qxd2 Qd7 23. Qxd7 1/2-1/2

[Event "Elit(Vasteras-Solna)"]
[Site "?"]
[Date "2015.01.31"]
[Round "5"]
[White "Lindberg, Bengt"]
[Black "Akesson, Ralf"]
[Result "1/2-1/2"]
[WhiteElo "2385"]
[BlackElo "2457"]
[PlyCount "124"]
[EventDate "2015.??.??"]
[SourceDate "2015.02.06"]

1. e4 c6 2. d4 d5 3. Nc3 dxe4 4. Nxe4 Nd7 5. Ng5 Ngf6 6. Bd3 e6 7. N1f3 Bd6 8.
Qe2 h6 9. Ne4 Nxe4 10. Qxe4 Nf6 11. Qe2 Qc7 12. Bd2 b6 13. O-O-O Bb7 14. Ne5
O-O-O 15. f4 c5 16. dxc5 Bxc5 17. Rhf1 Kb8 18. Kb1 Nd5 19. g3 f6 20. Nf3 Rhe8
21. Bb5 Bc6 22. Bxc6 Qxc6 23. c4 Ne3 24. Bxe3 Qe4+ 25. Qc2 Qxe3 26. Rde1 Qd3
27. Qxd3 Rxd3 28. Kc2 Rd6 29. Re2 Kc7 30. Nd2 Rd4 31. b3 a6 32. Ne4 Kc6 33. Kc3
a5 34. Nxc5 bxc5 35. Rfe1 Kd6 36. h4 e5 37. fxe5+ Rxe5 38. a3 Rg4 39. Re3 Ke6
40. Rxe5+ fxe5 41. Re3 e4 42. b4 axb4+ 43. axb4 cxb4+ 44. Kxb4 Ke5 45. c5 Rg6
46. Rc3 Rc6 47. Kb5 Rc8 48. Kc4 g5 49. h5 Re8 50. c6 Kd6 51. Kd4 Kc7 52. g4 Re7
53. Ke3 Re6 54. Rc1 Re8 55. Rc4 Re6 56. Rc2 Re7 57. Rc4 Re6 58. Rxe4 Rxc6 59.
Kd4 Kd6 60. Re8 Ra6 61. Rd8+ Ke6 62. Ke4 Ra4+ 1/2-1/2

[Event "Elit(Vasteras-Solna)"]
[Site "?"]
[Date "2015.01.31"]
[Round "5"]
[White "Eriksson, Johan"]
[Black "Jonsson, Mikael"]
[Result "1/2-1/2"]
[WhiteElo "2399"]
[BlackElo "2297"]
[PlyCount "70"]
[EventDate "2015.??.??"]

1. c4 e5 2. g3 Nc6 3. Nc3 g6 4. Bg2 Bg7 5. d3 d6 6. Nf3 Nge7 7. O-O O-O 8. Rb1
a5 9. a3 Nd4 10. Nxd4 exd4 11. Nd5 c6 12. Nf4 a4 13. Bd2 Kh8 14. Re1 Re8 15. b4
axb3 16. Qxb3 Ng8 17. a4 Nf6 18. h4 Nd7 19. a5 Nc5 20. Qb4 Bf5 21. e4 Bg4 22.
Ra1 Qc7 23. Reb1 Rf8 24. Qb6 Qc8 25. a6 bxa6 26. Bb4 Nd7 27. Qa5 c5 28. Bd2 Ne5
29. Nd5 Bh3 30. Nb6 Qg4 31. Nxa8 Nf3+ 32. Kf1 Nh2+ 33. Kg1 Nf3+ 34. Kf1 Nh2+
35. Kg1 Nf3+ 1/2-1/2

[Event "Elit(Vasteras-Solna)"]
[Site "?"]
[Date "2015.01.31"]
[Round "5"]
[White "Karlsson, Tomas"]
[Black "Sjodahl, Pontus"]
[Result "0-1"]
[WhiteElo "2264"]
[BlackElo "2435"]
[PlyCount "76"]
[EventDate "2015.??.??"]

1. e4 e6 2. d4 d5 3. Nc3 Bb4 4. e5 c5 5. a3 Bxc3+ 6. bxc3 Ne7 7. Qg4 O-O 8. Bd3
Nbc6 9. Qh5 Ng6 10. Nf3 Qc7 11. Be3 c4 12. Bxg6 fxg6 13. Qg4 b5 14. h4 Rf5 15.
h5 gxh5 16. Rxh5 Rxh5 17. Qxh5 Qf7 18. Qxf7+ Kxf7 19. Kd2 Bd7 20. Ng5+ Kg8 21.
g4 Ne7 22. Rh1 h6 23. Nh3 Ng6 24. g5 h5 25. Ng1 h4 26. f4 Kf7 27. Ne2 Rh8 28.
Bf2 a5 29. Ke3 Ne7 30. Ng1 Nf5+ 31. Kd2 Be8 32. Nf3 h3 33. Ng1 Kg6 34. Ke2 Ne7
35. Nxh3 Kf5 36. Be3 Bh5+ 37. Kd2 Bf3 38. Rb1 Rxh3 0-1

[Event "Elit(Vasteras-Solna)"]
[Site "?"]
[Date "2015.01.31"]
[Round "5"]
[White "Norberg, Johan"]
[Black "Landgren, Andreas"]
[Result "1/2-1/2"]
[WhiteElo "2311"]
[BlackElo "2241"]
[PlyCount "65"]
[EventDate "2015.??.??"]

1. g3 d5 2. Nf3 Nf6 3. Bg2 e6 4. c4 dxc4 5. Qa4+ c6 6. Qxc4 b5 7. Qc2 Bb7 8.
O-O Nbd7 9. a4 Rc8 10. d4 a6 11. Qb3 Qb6 12. axb5 cxb5 13. Bf4 Be7 14. Nbd2 O-O
15. Rfc1 h6 16. Nf1 Rfd8 17. Rxc8 Rxc8 18. Rc1 Rxc1 19. Bxc1 a5 20. Be3 a4 21.
Qc2 Qc6 22. Qxc6 Bxc6 23. Ne5 Bxg2 24. Nxd7 Bd5 25. Nc5 Ne4 26. Nxe4 Bxe4 27.
Bc1 Bf6 28. Nd2 Bc6 29. e3 b4 30. f4 Bd5 31. Kf1 Kf8 32. Ke2 Bb7 33. Kd3
1/2-1/2

[Event "Elit(Vasteras-Solna)"]
[Site "?"]
[Date "2015.01.31"]
[Round "5"]
[White "Steneskog, Per"]
[Black "Eriksson, Anders"]
[Result "1/2-1/2"]
[WhiteElo "2213"]
[BlackElo "2278"]
[PlyCount "139"]
[EventDate "2015.??.??"]

1. d4 Nf6 2. c4 e6 3. Nc3 Bb4 4. Bg5 c5 5. d5 h6 6. Bh4 Bxc3+ 7. bxc3 d6 8. e3
e5 9. Bd3 Qe7 10. Ne2 Nbd7 11. Ng3 Nb6 12. Bxf6 Qxf6 13. Qb1 O-O 14. a4 Qd8 15.
a5 Nd7 16. O-O Nf6 17. Ra2 Re8 18. f3 Rb8 19. Rff2 Qc7 20. Rfb2 g6 21. Bc2 Kg7
22. h3 Re7 23. Ra1 Qd8 24. Qf1 b6 25. axb6 Rxb6 26. Rba2 a6 27. Qf2 Ra7 28. Rf1
Qe7 29. Ne2 Rab7 30. Nc1 Rb8 31. Bd3 Qb7 32. Ne2 Qc7 33. Ng3 Rb3 34. Qc2 Qb6
35. Rf2 Bd7 36. Qc1 a5 37. f4 Be8 38. Kh2 a4 39. Qe1 exf4 40. exf4 Qa5 41. Rfc2
Qd8 42. Re2 R3b7 43. Bc2 Ra8 44. Qa1 Rba7 45. Ra3 Nd7 46. f5 Ne5 47. Qf1 Bd7
48. Re1 Qe7 49. f6+ Qxf6 50. Qxf6+ Kxf6 51. Ne4+ Ke7 52. Nxc5 dxc5 53. Rxe5+
Kd6 54. Re1 Re8 55. Rf1 f5 56. Kg3 Re2 57. Bd1 Re4 58. Bb3 Ke5 59. Rc1 f4+ 60.
Kf2 Re3 61. Rca1 h5 62. Bxa4 Bxa4 63. Rxa4 Rxa4 64. Rxa4 Rxc3 65. Ra8 Rxc4 66.
Rg8 Kf5 67. Rf8+ Ke5 68. Rg8 Kf5 69. Rf8+ Ke5 70. Rg8 1/2-1/2

[Event "Elit(Vasteras-Solna)"]
[Site "?"]
[Date "2015.01.31"]
[Round "5"]
[White "Bergstrom, Peter"]
[Black "Bjarnehag, Peter"]
[Result "1-0"]
[WhiteElo "2299"]
[BlackElo "2158"]
[PlyCount "73"]
[EventDate "2015.??.??"]

1. e4 c5 2. Nf3 e6 3. d4 cxd4 4. Nxd4 Nf6 5. Nc3 Nc6 6. Ndb5 Bc5 7. Nd6+ Ke7 8.
Nxc8+ Rxc8 9. Bd3 Bb4 10. O-O Bxc3 11. bxc3 d5 12. exd5 Qxd5 13. Rb1 Rc7 14.
Ba3+ Ke8 15. c4 Qd4 16. Rb5 Rd7 17. Qb1 b6 18. c5 Nd5 19. cxb6 axb6 20. Bb2 Qh4
21. Re1 Nd8 22. Be4 Nf6 23. Bf3 Ng4 24. Bxg4 Qxg4 25. Rxb6 f6 26. Bc3 Kf7 27.
Rb4 Qh5 28. Rb8 Re8 29. a4 Qc5 30. Qb5 Qa7 31. a5 Ree7 32. Bb4 Rb7 33. Rxb7
Rxb7 34. Qc5 Qxc5 35. Bxc5 Rb5 36. Bb6 Nc6 37. Ra1 1-0

[Event "Elit(Vasteras-Solna)"]
[Site "?"]
[Date "2015.01.31"]
[Round "5"]
[White "Lindborg, Petter"]
[Black "Brustkern, Jurgen"]
[Result "1-0"]
[WhiteElo "2234"]
[BlackElo "2236"]
[PlyCount "73"]
[EventDate "2015.??.??"]

1. d4 d5 2. c4 e5 3. dxe5 d4 4. Nf3 Nc6 5. Nbd2 Bg4 6. a3 Qe7 7. h3 Bh5 8. g4
Bg6 9. Bg2 O-O-O 10. O-O h5 11. g5 h4 12. Qa4 Kb8 13. Nb3 Qe8 14. Rd1 Bc2 15.
Rd2 Be4 16. Nbxd4 Nge7 17. Qd1 g6 18. Nxc6+ Nxc6 19. Rxd8+ Nxd8 20. Qd4 Bc6 21.
Be3 b6 22. e6 Bc5 23. exf7 Nxf7 24. Qf4 Bxe3 25. Qxe3 Qxe3 26. fxe3 Nd6 27. Ne5
Bxg2 28. Kxg2 Re8 29. Nxg6 Rxe3 30. Nxh4 Nxc4 31. Nf3 Rxe2+ 32. Kg3 Nd6 33. h4
Rxb2 34. h5 Rb5 35. h6 Nf7 36. h7 Rf5 37. g6 1-0

[Event "Elit(Vasteras-Solna)"]
[Site "?"]
[Date "2015.01.31"]
[Round "5"]
[White "Janse, Rasmus"]
[Black "Wallgren, Ulf"]
[Result "1/2-1/2"]
[WhiteElo "2218"]
[BlackElo "2121"]
[PlyCount "76"]
[EventDate "2015.??.??"]

1. d4 e6 2. c4 f5 3. g3 Nf6 4. Bg2 Be7 5. Nc3 O-O 6. Nf3 d6 7. O-O a5 8. a3 Ne4
9. Qc2 Nxc3 10. Qxc3 Bf6 11. Qc2 Qe8 12. e4 e5 13. dxe5 dxe5 14. exf5 Qh5 15.
Nd2 c6 16. Be4 Be7 17. f3 Bxf5 18. g4 Bxe4 19. Qxe4 Bc5+ 20. Kg2 Qe8 21. Nb3
Bb6 22. c5 Bc7 23. Bg5 Nd7 24. Qe3 Qe6 25. Nd4 Qc4 26. Nf5 Qxc5 27. Qxc5 Nxc5
28. Be7 Nb3 29. Bxf8 Nxa1 30. Bxg7 Nb3 31. Rd1 Nd4 32. Nxd4 Rd8 33. Bf6 Rd5 34.
Rd2 Kf7 35. Bh8 Kg8 36. Bf6 Kf7 37. Bh8 Kg8 38. Bf6 Kf7 1/2-1/2

[Event "Elit(LASK-Orgryte)"]
[Site "?"]
[Date "2015.01.18"]
[Round "6"]
[White "Frisk Kockum, Anton"]
[Black "Grandelius, Nils"]
[Result "0-1"]
[WhiteElo "2375"]
[BlackElo "2602"]
[PlyCount "82"]

1. d4 Nf6 2. c4 g6 3. Nc3 d5 4. cxd5 Nxd5 5. Bd2 Bg7 6. e4 Nb6 7. Be3 O-O 8.
Be2 Nc6 9. Nf3 Bg4 10. d5 Bxf3 11. gxf3 Na5 12. Bd4 Qd6 13. Bxg7 Kxg7 14. Rc1
Qf6 15. Na4 Rfd8 16. Nc5 e6 17. Qd2 Nc6 18. Nxb7 exd5 19. Nxd8 Rxd8 20. h4 h6
21. h5 g5 22. f4 gxf4 23. Rg1+ Kf8 24. Rg4 f3 25. Rf4 Qe6 26. Bxf3 Nc4 27. Qc3
N4e5 28. Bg4 Qe7 29. Rd1 d4 30. Qa3 Rd6 31. Kf1 d3 32. f3 Qg5 33. Rf5 Qe3 34.
Re1 Nxg4 35. fxg4 Qh3+ 36. Kf2 Qh4+ 37. Kf1 d2 38. Rd1 Qh1+ 39. Ke2 Nd4+ 40.
Kxd2 Qg2+ 41. Kc3 Qc2+ 0-1

[Event "Elit(LASK-Orgryte)"]
[Site "?"]
[Date "2015.01.18"]
[Round "6"]
[White "Tikkanen, Hans"]
[Black "Ziegler, Ari"]
[Result "1-0"]
[WhiteElo "2543"]
[BlackElo "2327"]
[PlyCount "89"]

1. d4 Nf6 2. c4 g6 3. Nc3 Bg7 4. e4 d6 5. Be2 O-O 6. Nf3 e5 7. O-O Nc6 8. d5
Ne7 9. Ne1 Ne8 10. Nd3 f5 11. Bd2 Nf6 12. f3 f4 13. c5 h5 14. cxd6 cxd6 15. Nf2
g5 16. h3 Ng6 17. Qc2 Rf7 18. Rfc1 a6 19. a4 g4 20. fxg4 hxg4 21. hxg4 Bf8 22.
a5 Bd7 23. Na4 Rc8 24. Qb3 Rxc1+ 25. Rxc1 Bxa4 26. Qxa4 Nh4 27. Qc4 Nd7 28. Qc8
Qf6 29. Rc3 Qg6 30. b4 Nf6 31. Rh3 Nxe4 32. Bd3 Nxf2 33. Bxg6 Nxh3+ 34. gxh3
Nxg6 35. g5 Kg7 36. Qg4 Ne7 37. h4 Nf5 38. h5 Be7 39. Kf2 Rf8 40. Kf3 Nd4+ 41.
Ke4 f3 42. g6 Nf5 43. Qxf3 Nh6 44. Qh3 Ng8 45. h6+ 1-0

[Event "Elit(LASK-Orgryte)"]
[Site "?"]
[Date "2015.01.18"]
[Round "6"]
[White "Virolainen, Victor"]
[Black "Hillarp Persson, Tiger"]
[Result "0-1"]
[WhiteElo "2155"]
[BlackElo "2539"]
[PlyCount "80"]

1. e4 c5 2. Nf3 e6 3. d4 cxd4 4. Nxd4 a6 5. Nc3 b5 6. Be3 Bb7 7. Bd3 Qc7 8. f3
Nf6 9. a3 Nc6 10. Nxc6 dxc6 11. a4 b4 12. Ne2 c5 13. b3 Rd8 14. Qc1 Bd6 15. Bf4
Nd7 16. Bxd6 Qxd6 17. f4 c4 18. Bxc4 Bxe4 19. O-O Qb6+ 20. Kh1 Nf6 21. Ng3 Bb7
22. Qe1 h5 23. h3 O-O 24. Be2 g6 25. Bf3 Bxf3 26. Rxf3 Rd5 27. Ne4 Nxe4 28.
Qxe4 Rfd8 29. c4 bxc3 30. Rxc3 Rd4 31. Qf3 Qd6 32. Rf1 a5 33. Rc6 Qb4 34. f5
exf5 35. Qg3 Kh7 36. Rc7 R8d7 37. Rxd7 Rxd7 38. Rf3 h4 39. Qf2 Rd1+ 40. Kh2
Qd6+ 0-1